Spojení tržní orientace s marketingovou koncepcí firem (S jakým marketingem vstoupíme do EU)

Vymedzenie pojmov marketing, masový marketing, cieľový marketing, trhový a spoločenský marketing. Podmienky pre vybudovanie globálneho marketingu v podniku. Marketingová koncepcia. Orientácia na trh a zákazníka. Orientácia na produkovaný výrobok alebo poskytovanú službu. Orientácia na zodpovedajúce...

Ausführliche Beschreibung

Gespeichert in:
Bibliographische Detailangaben
1. Verfasser: Boučková, Jana
Weitere Verfasser: Horáková, Helena
Format: Buchkapitel
Sprache:Tschechisch
Schlagworte:
Tags: Tag hinzufügen
Keine Tags, Fügen Sie das erste Tag hinzu!

MARC

LEADER 00000naa a2200000 4500
001 r046872
005 20231003115316.2
041 0 |a cze 
044 |a CZ 
245 1 0 |a Spojení tržní orientace s marketingovou koncepcí firem  |b (S jakým marketingem vstoupíme do EU)  |c Jana Boučková, Helena Horáková 
520 |a Vymedzenie pojmov marketing, masový marketing, cieľový marketing, trhový a spoločenský marketing. Podmienky pre vybudovanie globálneho marketingu v podniku. Marketingová koncepcia. Orientácia na trh a zákazníka. Orientácia na produkovaný výrobok alebo poskytovanú službu. Orientácia na zodpovedajúce distribučné systémy a cesty. Orientácia na marketingový plánovací proces a marketingový plán. Orientácia na dlhodobé záujmy spotrebiteľov a na ich súlad so záujmami podnikovými a záujmami celej spoločnosti. Orientácia rešpektujúca podnikovú kultúru, ekológiu a morálku. 
610 2 0 |a marketing 
610 2 0 |a stratégia marketingová 
610 2 0 |a trh 
610 2 0 |a zákazníci 
610 2 0 |a spotrebitelia 
610 2 0 |a služby 
610 2 0 |a výrobky 
610 2 0 |a Česko 
100 1 |a Boučková, Jana 
700 1 |a Horáková, Helena